Statistics for Cambridge General Knowledge - 2

Click here to take the quiz!

General Stats

  • This quiz has been taken 11 times
  • The average score is 8 of 14

Answer Stats

HintAnswer% Correct
How many theological colleges are there?5
100%
What is the largest Cambridge college, when students and fellows are added together?Trinity
100%
What college did David Attenborough go to?Clare
91%
4Clare Hall
82%
5Wolfson
82%
3St Edmunds
73%
What are the 5 mature/post-graduate colleges? 1Darwin
64%
What is the name for the college ranking table?Tompkins
55%
In which college's antichapel will you find the head of Oliver Cromwell?Sidney Sussex
45%
Where in Cambridge is it said that the first game of modern football took place?Parker's piece
36%
When was the first water polo varsity?1891
27%
The main painting in King's college chapel is called 'the adoration of the magi' who painted it?Peter Rubens
27%
What is the oldest building in cambridge?St. Benet's
27%
2Hugh's hall
18%

Score Distribution

Percentile by Number Answered

Percent of People with Each Score

Your Score History

You have not taken this quiz